000 00408 a2200145 4500
003 Nust
005 20170207153220.0
040 _cNust
082 _a621.382
100 _aRiaz, Sharjeel MSEE-11
245 _aMicrocellular propagation prediction modelling using full wave based semi-deterministic technique
_cSharjeel Riaz MSEE-11
260 _bMCS
_c2008
300 _av, 83 p.
538 _aAlmirah No 69 Shelf No 2
942 _cTHS
999 _c181765
_d181765